000 00368nab a22001097u 4500
008 130520b2006 xxu||||| |||| 00| 0 spa d
041 _aspa
100 1 _aLabidi-Maiza, Mehrézia
_975739
245 0 0 _aHeredera de mi padre. Recorrido de una musulmana feminista
_cMehrézia Labidi-Maiza
773 0 _tConcilium
_gnº316,2006,págs. 91-102
_x0210-1041
_wRev134
942 _cAR
999 _c378212
_d378212